000 00528nam a2200169 i 4500
001 79489
003 ES-MaACL
005 20230906174004.0
007 t|
008 041021s1925 sp ||||1| spa d
100 1 _aHeras, José de las.
_962638
245 1 3 _aLa vida del niño delincuente /
_cpor José de las Heras ; prólogo de Abelino Montero Villegas.
260 _aMadrid :
_b[Clásica Española],
_c1925.
300 _aVIII, 318 p. ;
_c19 cm.
700 1 _aMontero Villegas, Abelino.
_982541
852 _aES-MaACL
_jF-4910
999 _c79489
_d79489